000 01353nam a2200181Ia 4500
008 151202s9999||||xx |||||||||||||| ||und||
082 _bPNVM-122470
100 _a"संपा-जोशी हणमंत नरहर,औदुंबर."
245 _aभक्तचिन्तामणि नारायणानंदतीर्थ स्वामी महाराजऔदुंबर चरित्रामृत1994 कृ.ध.4 रंगीत 4 चित्रे.
260 _b"श्री.गुरु शिवशंकरानंद आश्रम,औदुंबर,जि.सांगली."
260 _c1994
300 _a220
600 _a"संपा-जोशी हणमंत नरहर,औदुंबर."
630 _aभक्तचिन्तामणि नारायणानंदतीर्थ स्वामी महाराजऔदुंबर चरित्रामृत1994 कृ.ध.4 रंगीत 4 चित्रे.
700 _a"संपा-जोशी हणमंत नरहर,औदुंबर."
730 _aभक्तचिन्तामणि नारायणानंदतीर्थ स्वामी महाराजऔदुंबर चरित्रामृत1994 कृ.ध.4 रंगीत 4 चित्रे.
942 _cBOOK
999 _c1352599
_d1352596